Discovering our past : (Record no. 6170)

MARC details
000 -LEADER
fixed length control field 01158nam a22002177a 4500
001 - CONTROL NUMBER
control field 6170
003 - CONTROL NUMBER IDENTIFIER
control field FISKH
005 - DATE AND TIME OF LATEST TRANSACTION
control field 20250324113019.0
008 - FIXED-LENGTH DATA ELEMENTS--GENERAL INFORMATION
fixed length control field 250324b cb ||||| |||| 00| 0 eng d
020 ## - INTERNATIONAL STANDARD BOOK NUMBER
International Standard Book Number 9780076594733
040 ## - CATALOGING SOURCE
Original cataloging agency FISKH
Language of cataloging eng
Transcribing agency FISKH
Modifying agency FISKH
050 ## - LIBRARY OF CONGRESS CALL NUMBER
Classification number D21.S755
082 ## - DEWEY DECIMAL CLASSIFICATION NUMBER
Classification number PZ7
100 ## - MAIN ENTRY--PERSONAL NAME
Personal name Spielvogel, Jackson J.
245 ## - TITLE STATEMENT
Title Discovering our past :
Remainder of title A history of the world, Teacher Edition /
Statement of responsibility, etc. By Jackson J.Spielvogel, PH.D.
260 ## - PUBLICATION, DISTRIBUTION, ETC.
Place of publication, distribution, etc. New York :
Name of publisher, distributor, etc. McGraw Hill Education ;
Date of publication, distribution, etc. 2013.
300 ## - PHYSICAL DESCRIPTION
Extent 566 pages :
Other physical details color illustrations ;
Dimensions 31 cm.
520 ## - SUMMARY, ETC.
Summary, etc. Discovering Our Past: A History of the World brings the sweep of historical events into focus as people, issues and events come to life for today's students. The program includes a strong emphasis on building vocabulary as well as tools for developing strong reading skills. The print student edition is aligned to the revised NCSS/Thematic Strands and Common Core State standards for Literacy in History/Social Studies. The program focuses on critical concepts through Big Ideals, Essential Questions and Enduring Understandings.
942 ## - ADDED ENTRY ELEMENTS (KOHA)
Source of classification or shelving scheme Dewey Decimal Classification
Koha item type Books
Suppress in OPAC No
Holdings
Withdrawn status Lost status Source of classification or shelving scheme Damaged status Not for loan Collection Home library Current library Shelving location Date acquired Total Checkouts Full call number Barcode Date last seen Price effective from Koha item type
    Dewey Decimal Classification     Non-Fiction Footprints International School Library Network Toul Tom Poung Campus Footprints International School Library Network Toul Tom Poung Campus TTP Secondary Non-Fiction Bookshelves 03/24/2025   SPI PZ7 D21.S755 2025-0803 03/24/2025 03/24/2025 Books